000
00313nam a22001337a 4500
008
180921b xxu||||| |||| 00| 0 eng d
020
_a
9780131408197
041
_a
eng
080
_2
6th
_a
37
100
_a
25
101
_a
EDU
245
_a
Assessing Students with Special Needs
_c
Loughlin,J.A
942
_2
udc
_c
BK
999
_c
48197
_d
48197